Normal view
MARC view
Entry Personal Name
001 - CONTROL NUMBER
- control field: 38543
003 - CONTROL NUMBER IDENTIFIER
- control field: OSt
005 - DATE AND TIME OF LATEST TRANSACTION
- control field: 20160216161146.0
008 - FIXED-LENGTH DATA ELEMENTS
- fixed length control field: 160216|| aca||aabn | a|a d
040 ## - CATALOGING SOURCE
- Original cataloging agency: OSt
- Transcribing agency: OSt
100 ## - HEADING--PERSONAL NAME
- Personal name: मिश्र डॉ. जयराम
670 ## - SOURCE DATA FOUND
- Source citation: Work cat.: (OSt)30049: मिश्र डॉ. जयराम, श्रीरामभक्त् शक्तिपुंज हनुमान , 1987









